KOHA-Header-6

Consumer behavior / (Record no. 12573)

000 -LEADER
fixed length control field 00863cam a2200265 a 4500
001 - CONTROL NUMBER
control field 15418671
003 - CONTROL NUMBER IDENTIFIER
control field MAJU-Karachi
005 - DATE AND TIME OF LATEST TRANSACTION
control field 20201003120059.0
008 - FIXED-LENGTH DATA ELEMENTS--GENERAL INFORMATION
fixed length control field 080819s2010 maua b 001 0 eng
010 ## - LIBRARY OF CONGRESS CONTROL NUMBER
LC control number 2008935578
020 ## - INTERNATIONAL STANDARD BOOK NUMBER
International Standard Book Number 9780547079929 (hardcover)
040 ## - CATALOGING SOURCE
Original cataloging agency DLC
Transcribing agency DLC
050 00 - LIBRARY OF CONGRESS CALL NUMBER
Classification number HF5415.32
Item number .H69 2010
100 1# - MAIN ENTRY--PERSONAL NAME
Personal name Hoyer, Wayne D.
245 10 - TITLE STATEMENT
Title Consumer behavior /
Statement of responsibility, etc Wayne D. Hoyer, Deborah J. McInnis.
250 ## - EDITION STATEMENT
Edition statement 5th ed.
260 ## - PUBLICATION, DISTRIBUTION, ETC. (IMPRINT)
Place of publication, distribution, etc Australia ;
-- Mason, OH :
Name of publisher, distributor, etc South-Western Cengage Learning,
Date of publication, distribution, etc c2010.
300 ## - PHYSICAL DESCRIPTION
Extent xxiv, 493, [151] p. :
Other physical details ill. ;
Dimensions 27 cm.
504 ## - BIBLIOGRAPHY, ETC. NOTE
Bibliography, etc Includes bibliographical references and indexes.
650 #0 - SUBJECT ADDED ENTRY--TOPICAL TERM
Topical term or geographic name as entry element Consumer behavior.
700 1# - ADDED ENTRY--PERSONAL NAME
Personal name MacInnis, Deborah J.
906 ## - LOCAL DATA ELEMENT F, LDF (RLIN)
a 7
b cbc
c orignew
d 3
e epcn
f 20
g y-gencatlg
942 ## - ADDED ENTRY ELEMENTS (KOHA)
Source of classification or shelving scheme
Koha item type Marketing
Holdings
Withdrawn status Lost status Source of classification or shelving scheme Damaged status Not for loan Collection code Permanent Location Current Location Shelving location Date acquired Full call number Barcode Date last seen Price effective from Koha item type
          Marketing MAJU MAJU   2020-10-03 658.83 9726 2020-10-03 2020-10-03 Marketing

Powered by Koha